Estadísticas para Población China en el Extranjero

Haz click aquí para tomar la prueba!

Estadísticas generales

  • Esta prueba ha sido tomada 1.561 veces
  • La puntuación promedio es 16 de 21

Estadísticas de respuestas

GentePaís% Correcto
3,795,000Estados Unidos
99%
675,000Japón
96%
400,000Rusia
96%
1,488,000Canadá
92%
798,000Corea del Sur
91%
700,000Francia
90%
866,000Australia
89%
466,000Reino Unido
89%
2,833,000Indonesia
87%
971,000Vietnam
85%
9,393,000Tailandia
82%
321,000Italia
80%
6,961,000Malasia
76%
1,146,000Filipinas
72%
783,000Camboya
70%
2,548,000Singapur
66%
1,638,000Birmania
59%
300,000Kazajistán
50%
1,300,000Perú
43%
350,000Sudáfrica
41%
400,000Venezuela
22%

Distribución de puntuación

Porcentaje por número respondido

Porcentaje de gente con cada puntuación

Historial de tus puntuaciones

No has tomado esta prueba